| 000 | 01583nam a22002537a 4500 | ||
|---|---|---|---|
| 999 |
_c33903 _d33903 |
||
| 001 | 3212 | ||
| 003 | CO-MdFUSB | ||
| 005 | 20180622073133.0 | ||
| 008 | 180509t1971 sp ||||| |||| 00| 0 spa d | ||
| 040 |
_aCO-MdFUSB _bspa _cCO-MdFUSB _dCO-MdFUSBC _erda |
||
| 041 | 0 | _aspa | |
| 082 | 0 | 4 | _aG 230 F465p |
| 100 | 1 |
_aFierro, Alfredo (1936-) _eautor |
|
| 245 | 3 |
_aEl proyecto teológico de Teilhard de Chardin _c/ Alfredo Fierro |
|
| 264 | 4 |
_aSalamanca, España : _bSígueme, _c©1971 |
|
| 300 | _a653 Pag | ||
| 336 |
_2rdacontent _atexto _btxt |
||
| 337 |
_2rdamedia _asin mediación _bn |
||
| 338 |
_2rdacarrier _avolumen _bnc |
||
| 505 | 0 | 0 | _a- Intuición, Fenomenología, Sistema: - La fisicia y el fenomeno - Una visión apasionada - Sabiduría y sistema - Tres tiempos de un pesamiento - La religión de los Cristico: - Génesis del sentido cristico - Lo cosmico y lo cristico - Medio divino y universal de la eucaristia - Muerte y éxtasis - Lo cristico y lo sacro - Panteismo y pan-cristiano - Lo cristico y lo cristiano - Mistica de Jesús - Fenomenología preteoligíca: - El fenómeno y teología - Omega - Omega y muerte - Omega- irreversivilidad, inmortalidad, convergencia - Omega-trascendecia - Dialectica y Mistica - Fenomenología y folosofía de la acción - El Epilogo de la historia - Teologia en proyecto: -Premisas y proyecto de una teología - Esencia y destino del cristiano - Historia y gracia - Cristo omega y Cristo Jesús - Creación y pleroma divino - |
| 650 | 7 |
_aTeología bíblica _9320 |
|
| 653 | _aTeilhard de Chardin, Pierre - Teología | ||
| 942 | _cBK | ||